000 00465nam a2200157 4500
001 140607
003 ES-MaACL
005 20230906200119.0
007 t|
008 070214s1970 sp r ||||1| spa d
100 1 _aSebold, Russell P.
_9105027
245 1 3 _aEl rapto de la mente
_b: poética y poesía dieciochescas /
_cRussell P. Sebold.
260 _aMadrid :
_bPrensa Española,
_c1970.
300 _a268 p. ;
_c18 cm.
852 _aES-MaACL
_jC-40395
_bR.75441
999 _c140607
_d140607